| 000 | 01553cam a22004694i 4500 | ||
|---|---|---|---|
| 003 | PE-LiUPU | ||
| 005 | 20250731173041.0 | ||
| 008 | 171226s2017 xxu0 rb 000 0 eng d | ||
| 020 | _a9781628371628 | ||
| 035 | _a(Sirsi) a240650 | ||
| 040 |
_aPE-LiUPU _bspa _cPE-LiUPU _erda |
||
| 049 | _aPRUA | ||
| 082 | 0 | 4 |
_a224.9806 _bB68 _223 |
| 100 | 1 |
_aBoda, Mark J., _eautor. |
|
| 245 | 1 | 0 |
_aExploring Zechariah / _cMark J. Boda. |
| 264 | 1 |
_aAtlanta : _bSBL Press; _c2017. |
|
| 300 |
_a273 páginas ; _c23 centímetros. |
||
| 336 |
_atext _2rdacontent |
||
| 337 |
_aunmediated _2rdamedia |
||
| 338 |
_avolume _2rdacarrier |
||
| 490 | 0 |
_aAncient Near East monographs ; _vnumber 16-17 |
|
| 504 | _aBibliografía : páginas 221-247. | ||
| 505 | 0 | _aVolume 1.The development of Zechariah and its role within the Twelve --volume 2.The development and role of biblical traditions in Zechariah. | |
| 526 | _aSEG42 | ||
| 526 | _aSEG41 | ||
| 526 | _aSEG40 | ||
| 526 | _aSEG39 | ||
| 526 | _aP94 | ||
| 526 | _aP87 | ||
| 526 | _aP86 | ||
| 526 | _aP85 | ||
| 526 | _aP77 | ||
| 526 | _aP76 | ||
| 526 | _aP35 | ||
| 650 | 0 | 4 | _aCriticism, interpretation. |
| 650 | 0 | 4 | _aCrítica, interpretación. |
| 910 |
_adbm _bksl _cksl _d20171226 |
||
| 596 | _a1 | ||
| 942 |
_2ddc _cBOOK |
||
| 999 |
_a224.9806 B68 _wLC _c26330 _i77725 _d26330 _f2021-11-9 _g5 _lCCODEBUL1 _mBUL _p27.60 _q6 _r0 _sY _tBOOK _u2017-12-26 _xTEOLOGIA _PP85 _0DONACION _o.STAFF. Colección Teología |
||
| 980 |
_81 _gALBERTO SANCHEZ Responsable de Automatización |
||